000 00737nam a2200253Ia 4500
003 OSt
005 20220928120915.0
006 a|||||r|||| 00| 0
007 ta
008 220927b |||||||| |||| 00| 0 eng d
024 _a4973
037 _cTextual
040 _aSDCL
_cSDCL
_beng
041 _2eng
_aeng
082 _aO122,3L83,3, K9
100 _aStendhal
245 0 _aRed and black
_b A new transtation, backgrounds and sources, criticism
260 _aNew York
_b W W Norton
_c1969
300 _axii,572p
_ccm.
490 _aNorton critical edition
700 _a Adams Robert M Ed.
_9451348
942 _hO122,3L83,3, K9
_cTEXL
_2CC
999 _c765422
_d765422